Top TV Shows 2013-14 Quiz Stats

Quiz Updated Sep 13, 2014

Also try: TV Debuts: 2012
Challenge
Share
Tweet
Score 0/24 Timer 06:00
1 Play Today
Hint Answer % Correct
The Big Bang Theory
97.4%
Dancing With The Stars
93%
How I Met Your Mother
91.7%
Two and a Half Men
89.4%
Modern Family
86.7%
Greys Anatomy
86.1%
NCIS
82%
The Bachelor
78.8%
The Voice
76.5%
CSI
72.6%
Mike & Molly
72%
Hawaii Five-0
61.1%
Hint Answer % Correct
The Good Wife
60.7%
NBC Sunday Night Football
58%
Scandal
57.2%
Elementary
56.7%
The Blacklist
51.1%
Blue Bloods
50.6%
Criminal Minds
49.3%
Revenge
37.9%
Person of Interest
33.8%
Once Upon A Time
33.3%
Marvel's Agents of S.H.I.E.L.D.
27.7%
Resurrection
9.7%

You're not logged in!

Compare scores with friends on all Sporcle quizzes.
Sign Up with Email
OR
Log In

You Might Also Like...

Show Comments

Extras

Top Quizzes Today


Score Distribution

Your Account Isn't Verified!

In order to create a playlist on Sporcle, you need to verify the email address you used during registration. Go to your Sporcle Settings to finish the process.